Loading...
| Painting/Sculpture | 0 | 8 | 0 | 2 | 80 | 50 | 90.13 | 1 | 4 | 12.08 | 35.27 |
| History - World | 0 | 6 | 0 | 0 | 60 | 48 | 65.50 | 0 | 3 | 19.63 | 26.34 |
| Literature - World | 0 | 5 | 0 | 1 | 50 | 74 | 103.00 | 0 | 1 | 4.47 | 11.46 |
| History - European | 0 | 5 | 0 | 0 | 50 | 24 | 67.20 | 0 | 0 | 15.31 | 19.94 |
| Science - Biology | 0 | 3 | 0 | 2 | 30 | 69 | 88.00 | 0 | 2 | 2.73 | 7.29 |
| History - Other | 0 | 3 | 0 | 0 | 30 | 81 | 89.33 | 0 | 0 | 4.67 | 11.90 |
| Literature - American | 0 | 3 | 0 | 0 | 30 | 83 | 91.33 | 0 | 1 | 4.96 | 13.99 |
| Literature - British | 0 | 4 | 2 | 1 | 30 | 86 | 99.00 | 0 | 0 | 4.37 | 6.40 |
| Literature - European | 0 | 3 | 1 | 0 | 25 | 82 | 109.67 | 0 | 0 | 2.13 | 7.59 |
| Fine Arts - Other | 0 | 3 | 1 | 2 | 25 | 72 | 97.00 | 1 | 1 | 2.85 | 9.97 |
| Mythology | 0 | 3 | 1 | 2 | 25 | 61 | 93.00 | 0 | 1 | 3.63 | 9.23 |
| Current Events | 0 | 2 | 0 | 0 | 20 | 40 | 56.00 | 1 | 1 | 12.79 | 16.84 |
| History - American | 0 | 2 | 2 | 0 | 10 | 68 | 76.50 | 0 | 0 | 4.69 | 4.46 |
| Geography | 0 | 1 | 0 | 0 | 10 | 84 | 84.00 | 0 | 1 | 4.80 | 12.50 |
| Pop Culture | 0 | 1 | 0 | 0 | 10 | 63 | 63.00 | 0 | 1 | 7.46 | 10.42 |
| Religion | 0 | 1 | 0 | 0 | 10 | 73 | 73.00 | 0 | 1 | 3.00 | 6.25 |
| Fine Arts - Classical Music | 0 | 1 | 0 | 1 | 10 | 108 | 108.00 | 0 | 0 | 0.00 | 1.19 |
| Science - Other | 0 | 1 | 0 | 0 | 10 | 49 | 49.00 | 0 | 0 | 4.48 | 4.17 |